Piłkarze Reprezentacji Zambii - nagła śmierć - Statystyki

Ogólne statystyki
  • Ten quiz został rozwiązany 7 razy
  • Średni wynik to 2 z 8
Answers on the Grid
Answers color-coded by a green-red scale on the quiz's grid according to % correct below.
Ryan Nyambe
Patson Daka
Knowledge Musona
Lubambo Musonda
Emmanuel Mayuka
Emmanuel Eboué
Stoppila Sunzu
Gabadinho Mhango
Kennedy Mweene
Miguel Chaiwa
Kings Kangwa
Lameck Banda
 
Statystyki odpowiedzi
Odpowiedź % Poprawnych
Lubambo Musonda
67%
Emmanuel Mayuka
50%
Kennedy Mweene
33%
Patson Daka
33%
Kings Kangwa
17%
Miguel Chaiwa
17%
Lameck Banda
0%
Stoppila Sunzu
0%
Nie znaleziono quizów pasujących do podanych kryteriów
Rozkład punktacji
Procent ludzi z każdym wynikiem
Percentyl według liczby udzielonych odpowiedzi
Twoja historia wyników
Nie rozwiązałeś tego quizu